000 00393nam a2200145Ia 4500
008 210210b1983 xxu||||| |||| 00| 0 eng d
020 _a7069 02427 4
082 _a320.954 SHOM
100 _aSHOURIE (Arun).
245 _aMrs Gandhi's second reign.
260 _aND
_bVikas Publishing House Pvt Ltd.
_c1983
300 _axi,532
690 _aPolitical Situation & Condition
906 _a036162
999 _c86695
_d86695